[Event "Lublin"]
[Site "Lublin"]
[Date "1993.??.??"]
[Round "?"]
[White "Hawelko, Marek"]
[Black "Czerwonski, Aleksander"]
[Result "0-1"]
[WhiteElo "2400"]
[BlackElo "2370"]
[PlyCount "84"]
[EventDate "1993.??.??"]
[EventType "tourn"]
[EventRounds "11"]
[EventCountry "POL"]
[EventCategory "8"]
[SourceTitle "CBM 037 Extra"]
[Source "ChessBase"]
[SourceDate "1994.01.01"]
[SourceVersion "1"]
[SourceVersionDate "1994.01.01"]
[SourceQuality "1"]

1. e4 e5 2. Nc3 Nf6 3. Bc4 Nxe4 4. Qh5 Nd6 5. Bb3 Nc6 6. Nb5 g6 7. Qf3 f5 8. Qd5 Qe7 9. Nxc7+ Kd8 10. Nxa8 b6 11. d3 Bb7 12. Qf3 Nd4 13. Qh3 f4 14. c3 N4f5 15. Nxb6 axb6 16. Bd2 h5 17. 0-0-0 g5 18. f3 Qg7 19. g4 hxg4 20. Qxg4 Nh4 21. Rf1 Kc7 22. Nh3 Be7 23. Rhg1 Nf7 24. d4 Bf6 25. Bxf7 Qxf7 26. dxe5 Qxa2 27. exf6 Qa1+ 28. Kc2 Qa4+ 29. Kc1 Qa1+ 30. Kc2 Qa4+ 31. Kb1 Nxf3 32. Bxf4+ Kc8 33. Nf2 gxf4 34. Qf5 Rxh2 35. Rg8+ Kc7 36. Qc2 Be4 37. Qxe4 Nd2+ 38. Kc1 Nxe4 39. f7 Qa1+ 40. Kc2 Qxf1 41. f8Q Rxf2+ 42. Kb3 Nc5+ 0-1

[Event "Lublin"]
[Site "Lublin"]
[Date "1993.??.??"]
[Round "?"]
[White "Solozhenkin, Evgeniy"]
[Black "Hawelko, Marek"]
[Result "1-0"]
[WhiteElo "2480"]
[BlackElo "2400"]
[PlyCount "55"]
[EventDate "1993.??.??"]
[EventType "tourn"]
[EventRounds "11"]
[EventCountry "POL"]
[EventCategory "8"]
[SourceTitle "CBM 037 Extra"]
[Source "ChessBase"]
[SourceDate "1994.01.01"]
[SourceVersion "1"]
[SourceVersionDate "1994.01.01"]
[SourceQuality "1"]

1. d4 Nf6 2. c4 c5 3. d5 a6 4. a4 e5 5. Nc3 d6 6. e4 Be7 7. g3 0-0 8. Bg2 Nbd7 9. Nge2 Ne8 10. 0-0 g6 11. Bh6 Ng7 12. f4 f5 13. exf5 Rxf5 14. Ne4 Rh5 15. Bg5 h6 16. Bxe7 Qxe7 17. Qd2 Rf5 18. fxe5 Nxe5 19. Qxh6 Bd7 20. Nf4 Raf8 21. Nxg6 Rxf1+ 22. Rxf1 Rxf1+ 23. Kxf1 Qf7+ 24. Nf4 Ng4 25. Qg5 Nxh2+ 26. Kg1 Ng4 27. Bh3 Ne5 28. Qd8+ 1-0

[Event "Lublin"]
[Site "Lublin"]
[Date "1993.??.??"]
[Round "?"]
[White "Zolnierowicz, Krzysztof"]
[Black "Hawelko, Marek"]
[Result "1-0"]
[WhiteElo "2355"]
[BlackElo "2400"]
[PlyCount "77"]
[EventDate "1993.??.??"]
[EventType "tourn"]
[EventRounds "11"]
[EventCountry "POL"]
[EventCategory "8"]
[SourceTitle "CBM 037 Extra"]
[Source "ChessBase"]
[SourceDate "1994.01.01"]
[SourceVersion "1"]
[SourceVersionDate "1994.01.01"]
[SourceQuality "1"]

1. Nf3 Nf6 2. g3 g6 3. Bg2 Bg7 4. 0-0 0-0 5. Re1 d5 6. d3 Nc6 7. Nbd2 e5 8. e4 Re8 9. c3 a5 10. a4 h6 11. exd5 Nxd5 12. Nc4 Nb6 13. Nxb6 cxb6 14. Be3 Be6 15. Nd2 Re7 16. Nc4 Ra6 17. Qe2 Rd7 18. Rad1 Bd5 19. Bxd5 Rxd5 20. f4 b5 21. Nxe5 Nxe5 22. fxe5 Rxe5 23. d4 Re4 24. axb5 Rae6 25. d5 R6e5 26. Qd3 Bf8 27. Bf2 Rxe1+ 28. Bxe1 Bc5+ 29. Kg2 Qd6 30. c4 Re3 31. Qb1 Re2+ 32. Kf1 Rxh2 33. Qe4 Qf6+ 34. Qf4 Qxb2 35. Qf3 Qc2 36. d6 Qxc4+ 37. Rd3 Bxd6 38. Kg1 Bc5+ 39. Kxh2 1-0

[Event "Bielsko Biala op"]
[Site "Bielsko Biala"]
[Date "1990.??.??"]
[Round "10"]
[White "Hawelko, Marek"]
[Black "Agrest, Evgenij"]
[Result "0-1"]
[WhiteElo "2410"]
[BlackElo "2415"]
[PlyCount "104"]
[EventDate "1990.??.??"]
[EventType "swiss"]
[EventRounds "11"]
[EventCountry "POL"]
[SourceTitle "EXT 1997"]
[Source "ChessBase"]
[SourceDate "1996.11.15"]
[SourceVersion "1"]
[SourceVersionDate "1996.11.15"]
[SourceQuality "1"]

1. e4 c5 2. Nf3 d6 3. d4 cxd4 4. Nxd4 Nf6 5. Nc3 a6 6. f4 e6 7. Be2 Nbd7 8. Bf3 Qc7 9. g4 h6 10. h4 Nb6 11. g5 hxg5 12. hxg5 Rxh1+ 13. Bxh1 Ng8 14. Qd3 Qc4 15. Be3 Qxd3 16. cxd3 Nd7 17. Kd2 Ne7 18. Rf1 g6 19. f5 Ne5 20. fxe6 fxe6 21. Na4 Bd7 22. Nb6 Rd8 23. Bg2 N7c6 24. Bh3 Nxd4 25. Bxd4 Be7 26. Be3 Bb5 27. Bxe6 Bxd3 28. Rh1 Bxe4 29. Rh8+ Bf8 30. Rh7 d5 31. Bf4 Rd6 32. Bc8 Nf3+ 33. Kd1 Rxb6 34. Bc7 Rd6 35. Bxd6 Bxd6 36. Bxb7 Nxg5 37. Rh8+ Ke7 38. Bxa6 Be5 39. Rc8 Bxb2 40. Bb7 Kd7 41. Rc5 Bd4 42. Ra5 Kd6 43. Ra6+ Ke5 44. a4 Ne6 45. Ra8 Nc5 46. Bc6 Kd6 47. Bb5 Bc3 48. Be2 d4 49. Ra7 d3 50. Bg4 Bc6 51. a5 Ne4 52. Kc1 Nf2 0-1

[Event "Paris-ch op"]
[Site "Paris"]
[Date "1990.??.??"]
[Round "?"]
[White "Hawelko, Marek"]
[Black "Apicella, Manuel"]
[Result "1/2-1/2"]
[WhiteElo "2410"]
[BlackElo "2390"]
[PlyCount "51"]
[EventDate "1990.05.??"]
[EventType "swiss"]
[EventRounds "9"]
[EventCountry "FRA"]
[SourceTitle "EXT 1997"]
[Source "ChessBase"]
[SourceDate "1996.11.15"]
[SourceVersion "1"]
[SourceVersionDate "1996.11.15"]
[SourceQuality "1"]

1. d4 Nf6 2. c4 g6 3. Nc3 Bg7 4. e4 d6 5. h3 0-0 6. Bg5 h6 7. Be3 e5 8. d5 Nbd7 9. g4 Nc5 10. f3 a5 11. Qd2 Kh7 12. 0-0-0 Ng8 13. h4 f5 14. gxf5 gxf5 15. exf5 Bxf5 16. Nh3 Qd7 17. Bxc5 dxc5 18. Bd3 Ne7 19. Ne4 Bxe4 20. Bxe4+ Kh8 21. Rdg1 Ra6 22. Qh2 Nf5 23. Ng5 Nd4 24. Ne6 Nxe6 25. dxe6 Qxe6 26. Qe2 1/2-1/2

[Event "Paris-ch op"]
[Site "Paris"]
[Date "1990.??.??"]
[Round "?"]
[White "Hawelko, Marek"]
[Black "Foisor, Cristina Adela B"]
[Result "1/2-1/2"]
[WhiteElo "2410"]
[BlackElo "2295"]
[PlyCount "78"]
[EventDate "1990.05.??"]
[EventType "swiss"]
[EventRounds "9"]
[EventCountry "FRA"]
[SourceTitle "EXT 1997"]
[Source "ChessBase"]
[SourceDate "1996.11.15"]
[SourceVersion "1"]
[SourceVersionDate "1996.11.15"]
[SourceQuality "1"]

1. e4 c5 2. Nf3 Nc6 3. Bb5 g6 4. 0-0 Bg7 5. Re1 Nf6 6. c3 0-0 7. d4 cxd4 8. cxd4 d5 9. e5 Ne4 10. Nc3 Nxc3 11. bxc3 Bg4 12. h3 Bxf3 13. Qxf3 Qa5 14. Bxc6 bxc6 15. Bg5 f6 16. exf6 exf6 17. Bf4 Rfe8 18. Re3 f5 19. g4 fxg4 20. Qxg4 Rxe3 21. Bxe3 Qc7 22. Qe6+ Kh8 23. Rb1 Rf8 24. Bg5 c5 25. Qxd5 cxd4 26. cxd4 Rf5 27. Qa8+ Rf8 28. Qe4 Qd7 29. Be3 Qxh3 30. Rb7 Qc8 31. Rxa7 Re8 32. Qf3 h5 33. d5 Qc4 34. d6 Re4 35. Re7 Rg4+ 36. Kh2 Rh4+ 37. Kg2 Rg4+ 38. Kh2 Rh4+ 39. Kg2 Rg4+ 1/2-1/2

[Event "Bielsko Biala op"]
[Site "Bielsko Biala"]
[Date "1990.??.??"]
[Round "11"]
[White "Hawelko, Marek"]
[Black "Maciejewski, Andrzej"]
[Result "0-1"]
[WhiteElo "2410"]
[BlackElo "2415"]
[PlyCount "48"]
[EventDate "1990.??.??"]
[EventType "swiss"]
[EventRounds "11"]
[EventCountry "POL"]
[SourceTitle "EXT 1997"]
[Source "ChessBase"]
[SourceDate "1996.11.15"]
[SourceVersion "1"]
[SourceVersionDate "1996.11.15"]
[SourceQuality "1"]

1. e4 g6 2. d4 c6 3. c3 Bg7 4. Nf3 d6 5. Be2 Nd7 6. 0-0 Ngf6 7. Qc2 e5 8. dxe5 dxe5 9. Nbd2 0-0 10. a4 Nh5 11. g3 Qe7 12. Re1 Re8 13. Nc4 Nf8 14. Bg5 Qc7 15. Rad1 Bg4 16. Bc1 Rad8 17. b4 h6 18. a5 Ra8 19. Be3 Nd7 20. Qc1 Nhf6 21. Bxh6 Nxe4 22. Bxg7 Kxg7 23. Qe3 Nef6 24. Nfxe5 Nxe5 0-1

[Event "Paris-ch op"]
[Site "Paris"]
[Date "1990.??.??"]
[Round "?"]
[White "Hawelko, Marek"]
[Black "Moingt, Jean Claude"]
[Result "1/2-1/2"]
[WhiteElo "2410"]
[BlackElo "2265"]
[PlyCount "98"]
[EventDate "1990.05.??"]
[EventType "swiss"]
[EventRounds "9"]
[EventCountry "FRA"]
[SourceTitle "EXT 1997"]
[Source "ChessBase"]
[SourceDate "1996.11.15"]
[SourceVersion "1"]
[SourceVersionDate "1996.11.15"]
[SourceQuality "1"]

1. Nf3 Nf6 2. c4 g6 3. g3 Bg7 4. Bg2 0-0 5. d4 d6 6. 0-0 c5 7. Nc3 Nc6 8. d5 Na5 9. Nd2 Rb8 10. Rb1 e6 11. b3 exd5 12. cxd5 b5 13. Qc2 b4 14. Nd1 Re8 15. e4 Ba6 16. Nc4 Nxc4 17. bxc4 Nd7 18. Bb2 Bxb2 19. Rxb2 Ne5 20. Ne3 Qf6 21. Rfb1 Rbd8 22. a3 bxa3 23. Ra2 Nf3+ 24. Kh1 Bc8 25. Rxa3 Re5 26. Rxa7 Rh5 27. Nf1 Bg4 28. Qb2 Nd4 29. f4 g5 30. Ne3 Bf3 31. Bxf3 Nxf3 32. Ng4 Qxb2 33. Rxb2 Kg7 34. Rbb7 gxf4 35. Rxf7+ Kh8 36. Rxf4 Nd2 37. Rff7 Nxe4 38. Rae7 Ng5 39. Rf5 Rb8 40. Nf6 Rb1+ 41. Kg2 Rb2+ 42. Kf1 Rhxh2 43. Re8+ Kg7 44. Rg8+ Kf7 45. Ng4+ Kxg8 46. Rxg5+ Kf7 47. Nxh2 Rxh2 48. Rf5+ Ke7 49. Rf4 Rc2 1/2-1/2

[Event "Paris-ch op"]
[Site "Paris"]
[Date "1990.??.??"]
[Round "?"]
[White "Hawelko, Marek"]
[Black "Ruf, Matthias"]
[Result "0-1"]
[WhiteElo "2410"]
[BlackElo "2295"]
[PlyCount "118"]
[EventDate "1990.05.??"]
[EventType "swiss"]
[EventRounds "9"]
[EventCountry "FRA"]
[SourceTitle "EXT 1997"]
[Source "ChessBase"]
[SourceDate "1996.11.15"]
[SourceVersion "1"]
[SourceVersionDate "1996.11.15"]
[SourceQuality "1"]

1. d4 Nf6 2. Nf3 e6 3. c4 b6 4. g3 Bb4+ 5. Bd2 Be7 6. Bg2 Bb7 7. Nc3 Ne4 8. d5 Nxd2 9. Qxd2 d6 10. Nd4 Bf6 11. 0-0 Bxd4 12. Qxd4 e5 13. Qd2 0-0 14. f4 Qe7 15. e4 a5 16. Rf2 Na6 17. f5 f6 18. Re1 Bc8 19. Re3 Bd7 20. g4 g5 21. h4 h6 22. Rh3 Kg7 23. Bf3 Rh8 24. Rfh2 Rag8 25. Qg2 Be8 26. Nd1 Rh7 27. Ne3 Rgh8 28. Qh1 Kg8 29. Kf2 Nb4 30. Qb1 Na6 31. h5 Kf7 32. Kg3 Bd7 33. Rc2 Nc5 34. Rc3 Ra8 35. b3 Rhh8 36. Be2 Rhb8 37. Qc2 Qe8 38. a3 Ra7 39. Rh1 b5 40. b4 axb4 41. axb4 Ra2 42. Qb1 bxc4 43. Bxc4 Na4 44. Qxa2 Nxc3 45. Qc2 Na4 46. Qd2 Rb7 47. Ra1 Qb8 48. Nc2 Ra7 49. Qe3 Ke7 50. Bb3 Nb6 51. Ra5 Nc8 52. Kf3 Kd8 53. Qc3 Qb6 54. Rxa7 Nxa7 55. Qe3 Qa6 56. Qe2 Bb5 57. Qe3 Bf1 58. Kf2 Kc8 59. Qe1 Bd3 0-1

[Event "Bielsko Biala op"]
[Site "Bielsko Biala"]
[Date "1990.??.??"]
[Round "3"]
[White "Hawelko, Marek"]
[Black "Seifert, Henryk"]
[Result "1-0"]
[WhiteElo "2410"]
[BlackElo "2320"]
[PlyCount "70"]
[EventDate "1990.??.??"]
[EventType "swiss"]
[EventRounds "11"]
[EventCountry "POL"]
[SourceTitle "EXT 1997"]
[Source "ChessBase"]
[SourceDate "1996.11.15"]
[SourceVersion "1"]
[SourceVersionDate "1996.11.15"]
[SourceQuality "1"]

1. c4 e6 2. Nf3 d5 3. d4 c6 4. Qc2 Nf6 5. Nbd2 Be7 6. e4 dxe4 7. Nxe4 Nbd7 8. Bd3 Nxe4 9. Bxe4 Nf6 10. Bd3 b6 11. 0-0 0-0 12. Bf4 c5 13. dxc5 bxc5 14. Rad1 Qb6 15. Ne5 Bb7 16. Bg5 h6 17. Bd2 Rad8 18. Bc3 Bd6 19. Qe2 Qc7 20. f4 Rfe8 21. Rd2 Nd7 22. Nxd7 Rxd7 23. Bc2 Bf8 24. Rxd7 Qxd7 25. Rd1 Qc6 26. Rd2 Bc8 27. Be4 Qb6 28. Qd1 Be7 29. Qa4 Rf8 30. Kf2 f5 31. Bf3 Kh7 32. Be5 Rd8 33. Rxd8 Bxd8 34. Qe8 Ba6 35. Qf7 Qa5 1-0

[Event "Bielsko Biala op"]
[Site "Bielsko Biala"]
[Date "1990.??.??"]
[Round "6"]
[White "Ivanov, Spiridon"]
[Black "Hawelko, Marek"]
[Result "0-1"]
[WhiteElo "2365"]
[BlackElo "2410"]
[PlyCount "62"]
[EventDate "1990.??.??"]
[EventType "swiss"]
[EventRounds "11"]
[EventCountry "POL"]
[SourceTitle "EXT 1997"]
[Source "ChessBase"]
[SourceDate "1996.11.15"]
[SourceVersion "1"]
[SourceVersionDate "1996.11.15"]
[SourceQuality "1"]

1. d4 d6 2. c4 e5 3. Nf3 e4 4. Ng5 f5 5. Nc3 c6 6. g3 Be7 7. Nh3 Nf6 8. Bg2 0-0 9. 0-0 Na6 10. f3 d5 11. cxd5 cxd5 12. fxe4 dxe4 13. Qb3+ Kh8 14. Rd1 Nc7 15. Bf4 Ncd5 16. Rac1 b6 17. Nb5 Be6 18. Ng5 Bg8 19. Qc2 Nxf4 20. gxf4 Nd5 21. Qd2 a6 22. Nc3 Nxf4 23. Nh3 Nxh3+ 24. Bxh3 Bg5 25. e3 Qd6 26. Bg2 Qh6 27. Re1 Bh4 28. Rf1 Bc4 29. Ne2 Bg5 30. Kf2 f4 31. exf4 Bxf4 0-1

[Event "Paris-ch op"]
[Site "Paris"]
[Date "1990.??.??"]
[Round "?"]
[White "Lobron, Eric"]
[Black "Hawelko, Marek"]
[Result "1-0"]
[WhiteElo "2545"]
[BlackElo "2410"]
[PlyCount "84"]
[EventDate "1990.05.??"]
[EventType "swiss"]
[EventRounds "9"]
[EventCountry "FRA"]
[SourceTitle "EXT 1997"]
[Source "ChessBase"]
[SourceDate "1996.11.15"]
[SourceVersion "1"]
[SourceVersionDate "1996.11.15"]
[SourceQuality "1"]

1. d4 f5 2. g3 Nf6 3. Bg2 g6 4. Nd2 Bg7 5. c3 0-0 6. Qb3+ d5 7. Nh3 c6 8. 0-0 Qb6 9. Nf3 Ng4 10. Nf4 e5 11. dxe5 Re8 12. Qc2 Nd7 13. e6 Nf8 14. h3 Nf6 15. Be3 Qa6 16. Bd4 Nxe6 17. Nd3 Nxd4 18. cxd4 Qb6 19. e3 Ne4 20. b4 a5 21. a3 axb4 22. axb4 Be6 23. Rfb1 Bf7 24. Qc1 g5 25. Rxa8 Rxa8 26. Nfe5 Be6 27. Nc5 Nxc5 28. bxc5 Qc7 29. Ra1 Ra5 30. Qc3 Rxa1+ 31. Qxa1 Qb8 32. f4 Bf6 33. Bf1 h5 34. Bd3 h4 35. Nf3 gxf4 36. exf4 hxg3 37. Qe1 Kf7 38. Qxg3 Qa7 39. Qf2 Qa3 40. Qe3 Qb2 41. Ng5+ Bxg5 42. fxg5 Bc8 1-0

[Event "POL-chT 45th"]
[Site "Leba"]
[Date "1989.10.??"]
[Round "11"]
[White "Hawelko, Marek"]
[Black "Stempin, Pawel"]
[Result "0-1"]
[WhiteElo "2440"]
[BlackElo "2405"]
[PlyCount "108"]
[EventDate "1989.10.01"]
[EventType "team-tourn"]
[EventRounds "11"]
[EventCountry "POL"]
[SourceTitle "EXT 2019"]
[Source "ChessBase"]
[SourceDate "2018.10.10"]
[SourceVersion "1"]
[SourceVersionDate "2018.10.10"]
[SourceQuality "1"]
[WhiteTeam "Swidnik Avia"]
[BlackTeam "Poznan Lech"]
[WhiteTeamCountry "POL"]
[BlackTeamCountry "POL"]

1. e4 e5 2. Nf3 Nc6 3. Bc4 Nf6 4. d3 Be7 5. 0-0 0-0 6. c3 d5 7. exd5 Nxd5 8. Re1 Bg4 9. h3 Bh5 10. Nbd2 Nf4 11. Nf1 Na5 12. Bxf4 exf4 13. Re5 Nxc4 14. dxc4 Qxd1 15. Rxd1 Bxf3 16. gxf3 Bd6 17. Red5 b6 18. Nd2 Rfe8 19. Ne4 Be5 20. c5 h6 21. cxb6 axb6 22. a3 Kf8 23. Rd7 Re6 24. Kf1 Ke8 25. R7d5 g6 26. Nd2 Bf6 27. Ne4 Be7 28. R1d4 Rd8 29. Rxd8+ Bxd8 30. Nd2 g5 31. a4 Bf6 32. Rd5 Re5 33. Rxe5+ Bxe5 34. Nc4 Bg7 35. Ke2 Kd7 36. Kd3 f5 37. b4 h5 38. a5 bxa5 39. Nxa5 h4 40. Nb3 g4 41. fxg4 fxg4 42. Nd2 gxh3 43. Nf3 Kc6 44. c4 Bf8 45. Kc3 Be7 46. Ne5+ Kd6 47. Nf3 Ke6 48. Nd4+ Kf6 49. Nf3 Kf5 50. c5 Ke4 51. Nd2+ Kd5 52. Nf3 Bf6+ 53. Kd3 Bd4 54. Ke2 Bc3 0-1

[Event "POL-chT 45th"]
[Site "Leba"]
[Date "1989.10.??"]
[Round "5"]
[White "Wojtkiewicz, Aleksander"]
[Black "Hawelko, Marek"]
[Result "0-1"]
[WhiteElo "2475"]
[BlackElo "2440"]
[PlyCount "98"]
[EventDate "1989.10.01"]
[EventType "team-tourn"]
[EventRounds "11"]
[EventCountry "POL"]
[SourceTitle "EXT 2019"]
[Source "ChessBase"]
[SourceDate "2018.10.10"]
[SourceVersion "1"]
[SourceVersionDate "2018.10.10"]
[SourceQuality "1"]
[WhiteTeam "Warszawa Polonia"]
[BlackTeam "Swidnik Avia"]
[WhiteTeamCountry "POL"]
[BlackTeamCountry "POL"]

1. Nf3 Nf6 2. c4 e6 3. g3 d5 4. d4 dxc4 5. Bg2 Bd7 6. Ne5 Bc6 7. Nxc6 Nxc6 8. e3 Qd7 9. 0-0 Rb8 10. Qe2 b5 11. Rd1 Be7 12. b3 cxb3 13. axb3 Rb6 14. Na3 a6 15. Bb2 0-0 16. e4 Nb4 17. Nc2 Rd8 18. Ne3 c6 19. f4 Rbb8 20. f5 Re8 21. Bc3 exf5 22. Qe1 c5 23. dxc5 Nd3 24. Rxd3 Qxd3 25. Rd1 Qxd1 26. Qxd1 Bxc5 27. Bd4 Bxd4 28. Qxd4 fxe4 29. Bf1 h5 30. Be2 Rbd8 31. Qc5 g6 32. Qb6 Nd5 33. Nxd5 Rxd5 34. Qxa6 Ree5 35. Kf2 e3+ 36. Ke1 Rc5 37. Qa8+ Kg7 38. Qa1 f6 39. Bd3 Rcd5 40. Ke2 Rxd3 41. Kxd3 e2 42. Qe1 g5 43. h3 f5 44. Kd4 Kf6 45. g4 hxg4 46. h4 Re4+ 47. Kd5 Kg6 48. h5+ Kxh5 49. Qh1+ Kg6 0-1

[Event "POL-ch 46th"]
[Site "Slupsk"]
[Date "1989.??.??"]
[Round "7"]
[White "Hawelko, Marek"]
[Black "Wojtkiewicz, Aleksander"]
[Result "1/2-1/2"]
[WhiteElo "2455"]
[BlackElo "2460"]
[PlyCount "124"]
[EventDate "1989.02.25"]
[EventType "tourn"]
[EventRounds "15"]
[EventCountry "POL"]
[EventCategory "7"]
[SourceTitle "EXT 1997"]
[Source "ChessBase"]
[SourceDate "1996.11.15"]
[SourceVersion "1"]
[SourceVersionDate "1996.11.15"]
[SourceQuality "1"]

1. d4 Nf6 2. Nf3 e6 3. c4 c5 4. Nc3 cxd4 5. Nxd4 Bb4 6. g3 Ne4 7. Qc2 Qa5 8. Bd2 Nxd2 9. Qxd2 Nc6 10. Nxc6 bxc6 11. Rc1 0-0 12. a3 Be7 13. Bg2 d5 14. 0-0 Rb8 15. Rfd1 Rd8 16. cxd5 cxd5 17. Nxd5 Rxd5 18. Bxd5 Qxd2 19. Rxd2 exd5 20. Rc7 Bf6 21. Rxa7 Bxb2 22. Rxd5 Bf6 23. f3 Be6 24. Rd2 g6 25. a4 Rb1+ 26. Kg2 Ra1 27. a5 Bc3 28. Rc2 Rxa5 29. Rxa5 Bxa5 30. h4 h5 31. Rc5 Bb6 32. Rb5 Bd4 33. e4 Kg7 34. Rb4 Be5 35. Rb5 Kf6 36. Ra5 Bd4 37. Rb5 Ke7 38. Ra5 Kd6 39. Kf1 Bb6 40. Ra3 Ke5 41. Kg2 Kd4 42. Ra4+ Ke3 43. Ra3+ Ke2 44. Ra6 Bd4 45. Ra4 Bc3 46. Ra3 Bb2 47. Ra4 Ke1 48. Rb4 Bc3 49. Ra4 Bg7 50. Rb4 Bf6 51. Ra4 Kd2 52. Ra6 Bg7 53. Ra4 Ke2 54. Ra8 Be5 55. Ra5 Bc7 56. Ra7 Bd8 57. Ra8 Bb6 58. Ra6 Bc5 59. Ra5 Be3 60. Ra4 Bh6 61. Rb4 Bc1 62. Ra4 Ke3 1/2-1/2

[Event "Warsaw op"]
[Site "Warsaw"]
[Date "1989.??.??"]
[Round "?"]
[White "Rantanen, Yrjo A"]
[Black "Hawelko, Marek"]
[Result "0-1"]
[WhiteElo "2370"]
[BlackElo "2455"]
[PlyCount "96"]
[EventDate "1989.04.??"]
[EventType "swiss"]
[EventRounds "9"]
[EventCountry "POL"]
[SourceTitle "EXT 1997"]
[Source "ChessBase"]
[SourceDate "1996.11.15"]
[SourceVersion "1"]
[SourceVersionDate "1996.11.15"]
[SourceQuality "1"]

1. e4 d6 2. d4 Nf6 3. Nc3 c6 4. a4 Nbd7 5. g3 e5 6. Bg2 b6 7. Nge2 Bb7 8. h3 Be7 9. Be3 0-0 10. 0-0 a6 11. g4 b5 12. Ng3 b4 13. Nce2 d5 14. dxe5 Nxe5 15. Bd4 Ng6 16. exd5 Nxd5 17. Nf5 Bf6 18. Bxd5 cxd5 19. Qd2 a5 20. Neg3 Ne5 21. f4 Nc4 22. Qf2 Bxd4 23. Qxd4 Qb6 24. Qxb6 Nxb6 25. Nh5 g6 26. Nf6+ Kh8 27. Nd4 Kg7 28. g5 Nc4 29. Rfe1 Nxb2 30. Re7 Bc8 31. h4 Nc4 32. h5 gxh5 33. f5 Nd6 34. Kh2 Nxf5 35. Nxh5+ Kg6 36. Nf4+ Kxg5 37. Rg1+ Kxf4 38. Ne2+ Kf3 39. Rf1+ Kg4 40. Rg1+ Kh4 41. Re5 Be6 42. Nf4 Rac8 43. Re2 Rc4 44. Rf2 Rfc8 45. Rf3 Rxc2+ 46. Kh1 R8c3 47. Nd3 d4 48. Rf4+ Kh5 0-1

[Event "Olympiad-28"]
[Site "Thessaloniki"]
[Date "1988.11.23"]
[Round "10"]
[White "Silva, Fernando"]
[Black "Hawelko, Marek"]
[Result "1-0"]
[WhiteElo "2380"]
[BlackElo "2450"]
[PlyCount "61"]
[EventDate "1988.11.13"]
[EventType "team-swiss"]
[EventRounds "14"]
[EventCountry "GRE"]
[SourceTitle "TD"]
[Source "ChessBase"]
[SourceDate "1994.03.01"]
[SourceVersion "1"]
[SourceVersionDate "1994.03.01"]
[SourceQuality "1"]
[WhiteTeam "Portugal"]
[BlackTeam "Poland"]
[WhiteTeamCountry "POR"]
[BlackTeamCountry "POL"]

1. e4 c5 2. Nf3 d6 3. d4 cxd4 4. Nxd4 Nf6 5. Nc3 a6 6. Bc4 e6 7. Bb3 b5 8. 0-0 Be7 9. Qf3 Qb6 10. Be3 Qb7 11. Qg3 Bd7 12. Nf5 exf5 13. Qxg7 Rf8 14. Bg5 Ng8 15. Bxe7 Nxe7 16. Nd5 Ng8 17. exf5 Nc6 18. Nf6+ Nxf6 19. Qxf6 Ne7 20. Rfe1 Bc6 21. Qxd6 Rd8 22. Rxe7+ Qxe7 23. Qxc6+ Rd7 24. Be6 fxe6 25. fxe6 Qd6 26. exd7+ Qxd7 27. Re1+ Kd8 28. Qb6+ Qc7 29. Rd1+ Kc8 30. Qxa6+ Qb7 31. Qe6+ 1-0

[Event "Olympiad-28"]
[Site "Thessaloniki"]
[Date "1988.11.19"]
[Round "6"]
[White "Hawelko, Marek"]
[Black "Fauland, Alexander"]
[Result "1-0"]
[WhiteElo "2450"]
[BlackElo "2385"]
[PlyCount "79"]
[EventDate "1988.11.13"]
[EventType "team-swiss"]
[EventRounds "14"]
[EventCountry "GRE"]
[SourceTitle "TD"]
[Source "ChessBase"]
[SourceDate "1994.03.01"]
[SourceVersion "1"]
[SourceVersionDate "1994.03.01"]
[SourceQuality "1"]
[WhiteTeam "Poland"]
[BlackTeam "Austria"]
[WhiteTeamCountry "POL"]
[BlackTeamCountry "AUT"]

1. e4 c5 2. Nf3 e6 3. d4 cxd4 4. Nxd4 Nf6 5. Nc3 d6 6. Be2 Be7 7. 0-0 0-0 8. f4 Nc6 9. Kh1 Qc7 10. Be3 Bd7 11. Ndb5 Qb8 12. a4 Nb4 13. Qd2 Bc6 14. Nd4 Rd8 15. Bf3 Be8 16. a5 Na6 17. Qf2 Nd7 18. f5 Nc7 19. fxe6 Nxe6 20. Nd5 Bf6 21. Nxf6+ Nxf6 22. a6 Nc5 23. Qh4 Nfd7 24. axb7 Qxb7 25. e5 d5 26. c4 Nxe5 27. Bxd5 Rxd5 28. cxd5 Qxd5 29. Nf5 Ng6 30. Qg3 Kh8 31. Bd4 Ne6 32. Rxa7 Rxa7 33. Bxa7 Qb5 34. Qf2 Ngf4 35. Nd6 Qa4 36. Nxe8 Qxe8 37. Be3 g5 38. Bxf4 Nxf4 39. g3 Nh3 40. Qxf7 1-0

[Event "Berliner Sommer 06th"]
[Site "Berlin West"]
[Date "1988.??.??"]
[Round "7"]
[White "Bang, Andreas"]
[Black "Hawelko, Marek"]
[Result "0-1"]
[WhiteElo "2280"]
[BlackElo "2410"]
[PlyCount "80"]
[EventDate "1988.08.06"]
[EventType "swiss"]
[EventRounds "9"]
[EventCountry "GER"]
[SourceTitle "TD"]
[Source "ChessBase"]
[SourceDate "1994.03.01"]
[SourceVersion "1"]
[SourceVersionDate "1994.03.01"]
[SourceQuality "1"]

1. Nf3 c5 2. c4 Nf6 3. d4 cxd4 4. Nxd4 e5 5. Nb5 d5 6. cxd5 Bc5 7. d6 Na6 8. N1c3 0-0 9. e3 Bg4 10. f3 Be6 11. a3 Nh5 12. b4 Qh4+ 13. g3 Nxg3 14. hxg3 Qxh1 15. bxc5 Bc4 16. Kf2 Qh2+ 17. Ke1 Qh1 18. Kf2 Qh2+ 19. Ke1 Qxg3+ 20. Kd2 Qh2+ 21. Ke1 Qg3+ 22. Kd2 Qf2+ 23. Be2 Nxc5 24. Rb1 a6 25. Nc7 Rad8 26. Rb6 e4 27. Nxe4 Nxe4+ 28. fxe4 Qh2 29. e5 Qxe5 30. Bxc4 Qa5+ 31. Rb4 Qxc7 32. Bd3 Rxd6 33. Bb2 Rfd8 34. Bd4 Rh6 35. Qg4 Rh2+ 36. Be2 g6 37. Rb3 Qc4 38. Rc3 Qa2+ 39. Rc2 Qxa3 40. Qf3 Rxd4+ 0-1

[Event "Warsaw op"]
[Site "Warsaw"]
[Date "1988.??.??"]
[Round "?"]
[White "Gieruszynski, Jerzy"]
[Black "Hawelko, Marek"]
[Result "1/2-1/2"]
[WhiteElo "2315"]
[BlackElo "2385"]
[PlyCount "102"]
[EventDate "1988.??.??"]
[EventType "swiss"]
[EventRounds "9"]
[EventCountry "POL"]
[SourceTitle "EXT 2004"]
[Source "ChessBase"]
[SourceDate "2003.11.25"]
[SourceVersion "1"]
[SourceVersionDate "2003.11.25"]
[SourceQuality "1"]

1. e4 c5 2. Nf3 e6 3. d4 cxd4 4. Nxd4 Nf6 5. Nc3 d6 6. g3 Be7 7. Bg2 a6 8. 0-0 Qc7 9. Re1 0-0 10. Be3 Nc6 11. Nxc6 bxc6 12. Na4 Rb8 13. c4 c5 14. b3 Bb7 15. Nc3 Rbd8 16. Qe2 Nd7 17. f4 Bf6 18. Rac1 Rfe8 19. Qf2 Bc6 20. g4 Bxc3 21. Rxc3 Nf6 22. Bc1 Qb7 23. Qe2 d5 24. e5 d4 25. Bxc6 Qxc6 26. Rg3 Nd7 27. Qd3 Qc7 28. Bd2 Nf8 29. h4 a5 30. h5 Nd7 31. Qe2 a4 32. bxa4 Nb8 33. Qg2 Nc6 34. g5 Ne7 35. g6 fxg6 36. hxg6 h6 37. Qe4 Ra8 38. a5 Nc6 39. Rh3 Qd7 40. Rb3 Reb8 41. Reb1 Nb4 42. a3 Na6 43. Qc2 Qc6 44. Rxb8+ Rxb8 45. Rb3 Rxb3 46. Qxb3 Qe4 47. Qg3 Qc2 48. Qg2 Qd1+ 49. Kh2 Qh5+ 50. Kg1 Qd1+ 51. Kh2 Qh5+ 1/2-1/2